
Library Catalogue

| 000 -LEADER | |
|---|---|
| fixed length control field | 01163cam a2200217 a 4500 |
| 001 - CONTROL NUMBER | |
| control field | 15876756 |
| 005 - DATE AND TIME OF LATEST TRANSACTION | |
| control field | 20260430062026.0 |
| 008 - FIXED-LENGTH DATA ELEMENTS--GENERAL INFORMATION | |
| fixed length control field | 090821s2010 njua b 001 0 eng |
| 020 ## - INTERNATIONAL STANDARD BOOK NUMBER | |
| International Standard Book Number | 9780691129945 (hbk.) |
| 082 ## - DEWEY DECIMAL CLASSIFICATION NUMBER | |
| Classification number | 330.951 BAR |
| 100 1# - MAIN ENTRY--PERSONAL NAME | |
| Personal name | Bardhan, Pranab K. |
| 245 10 - TITLE STATEMENT | |
| Title | Awakening giants, feet of clay : |
| Remainder of title | assessing the economic rise of China and India / |
| Statement of responsibility, etc. | Pranab Bardhan. |
| 260 ## - PUBLICATION, DISTRIBUTION, ETC. | |
| Place of publication, distribution, etc. | Princeton, N.J : |
| Name of publisher, distributor, etc. | Princeton University Press, |
| Date of publication, distribution, etc. | 2010. |
| 300 ## - PHYSICAL DESCRIPTION | |
| Extent | 172 p. ; |
| Other physical details | ill. ; |
| Dimensions | 25 cm. |
| 365 ## - TRADE PRICE | |
| Price amount | RS.2883 |
| 505 0# - FORMATTED CONTENTS NOTE | |
| Formatted contents note | Introduction : the myths floating around the giants -- Economic reform and growth : differing patterns and institutions -- Agriculture : still the most crowded sector -- Infrastructure : the dazzling difference -- High saving, low financial intermediation -- The pattern of burgeoning capitalism -- Poverty and inequality : how is the growth shared? -- The social sector : the relevance of the socialist legacy -- Environment : the alarming signs -- Looking to the future : through the lens of political economy. |
| 650 ## - SUBJECT ADDED ENTRY--TOPICAL TERM | |
| Topical term or geographic name entry element | Economic policy |
| 650 ## - SUBJECT ADDED ENTRY--TOPICAL TERM | |
| Topical term or geographic name entry element | Economic conditions |
| 650 ## - SUBJECT ADDED ENTRY--TOPICAL TERM | |
| Topical term or geographic name entry element | Social conditions |
| 942 ## - ADDED ENTRY ELEMENTS (KOHA) | |
| Source of classification or shelving scheme | Dewey Decimal Classification |
| Koha item type | BOOKs |
| Withdrawn status | Lost status | Damaged status | Not for loan | Home library | Current library | Shelving location | Date acquired | Cost, normal purchase price | Total Checkouts | Full call number | Barcode | Date last seen | Price effective from | Koha item type | Total Renewals | Date last checked out |
|---|---|---|---|---|---|---|---|---|---|---|---|---|---|---|---|---|
| . | . | Library Compactors | 30.05.2017 | 495.00 | 330.951 BAR | 27000 | 30.05.2017 | 30.05.2017 | BOOKs | |||||||
| . | . | General Stacks | 30.05.2017 | 2583.00 | 1 | 330.951 BAR | 30756 | 04.09.2023 | 30.05.2017 | BOOKs | 3 | 05.08.2023 |